000 00550nam a22001817a 4500
005 20251108175743.0
008 250721s2015 xx 000 0 ara d
082 1 4 _aط/ق/فرح
100 1 _aفرح, أمل
_eمؤلف
245 1 0 _aسارة البيبروميا /
264 _bدار شجرة للنشر،
_c2015.
650 1 7 _aادب الاطفال
650 1 7 _aالقصص القصيرة
653 _aاطفال مرحلة متوسطة (6-9) سنوات
700 1 _aسمير, سالي
_eرسام
942 _2ddc
_cBK
999 _c141575
_d141575